Johnny Goodbye (Registo nº 200701)

Detalhes MARC
000 -Etiqueta do registo
Valores 00586nam 22001933 4500
100 ## - Dados gerais de processamento
Dados gerais 20260223d u||y0pory50 ba
200 ## - Titulo e menção de responsabilidade
Título próprio Johnny Goodbye
Informação de outro título O regresso de Al Capone
Primeira menção de responsabilidade texto M. Lodewijk, ilustrações D. Attanasio
210 ## - Publicação
Local de publicação Lisboa
Nome do editor Amigos do Livro
Data de publicação cop. 1981
215 ## - Descrição física 
Paginação / Volumes 46 p.
Outras indicações físicas il. ; encadernado
Dimensões 29 cm
606 ## - Nome comum usado como assunto
ID Autoridade 1586
Palavra de ordem Desenho Artístico
610 ## - Termos não controlados
Palavra de ordem Banda Desenhada
675 ## - CDU
Notação 74
Edição PT
Língua por
700 ## - Autor principal (pessoa individual)
ID Autoridade 16461
Apelido Lodewijk
Nome M.
701 ## - Co-autor principal (pessoa individual)
ID Autoridade 15872
Apelido Attanasio
Nome Dino
Datas 1925-2026
801 ## - Fonte de origem
País PT
Agência BMMN
Regras de catalogação RPC
830 ## - Notas gerais do catalogador
Criado por Isabel
990 ## - Elementos KOHA
Tipo de documento Livro
Exemplares
Situação do levantamento Biblioteca de origem Código de barras Cota Permissão de empréstimo Tipo de documento Forma de aquisição
  Biblioteca Municipal de Montemor-o-Novo 29933 74 LOD|AJ   Livro Oferta

Powered by Koha